|
|
|
|
| LEADER |
00000cam a2200000 a 4500 |
| 001 |
vtls001309751 |
| 003 |
SK-MaSNL |
| 005 |
20260301235301.0 |
| 008 |
180810s1750 xo 0 lat |
| 035 |
|
|
|a SNK000262087
|
| 040 |
|
|
|a SNK
|b slo
|c SNK
|e AACR2
|
| 041 |
0 |
|
|a lat
|
| 044 |
|
|
|a xo
|c SK
|
| 072 |
|
7 |
|a 2-1
|x Prirodzená teológia. Náboženská filozofia
|2 konspekt
|
| 072 |
|
7 |
|a 2-74
|x Náboženské právo. Cirkevné právo
|2 konspekt
|
| 080 |
|
|
|a 2-1
|2 2011
|
| 080 |
|
|
|a 27-74
|2 2011
|
| 100 |
1 |
|
|a Ciráky, Juraj
|4 aut
|9 632338
|
| 245 |
1 |
0 |
|a Panegyricus Divo Ivoni Dictus
|b Dum In Basilica S. Michaelis Archangeli, Collegium Juridicum Foglarianum Eidem Tutelari suo Cultum Anuum solemni ritu persolveret : Anno M.DCC.L. Deferente Perillustri, Ac Generoso Domino Beniamino Csukás, Per Inclytum Hungariae Regnum Fori utriusque Advocato, & in eodem Collegio Fogláriano Juris Patrii Professore Ordinario
|c Oratore Illustrissimo Domino Comite Georgio Cziráki De DIenesfalva, Juris Patrii In Annum Alterum Auditore ; Honori Illustrissimi ... Domini Georgii Foglár, Electi Episcopi Serbiensis, Abbatis SS. Petri, & Pauli De Tapolcza ... Domini Fundatoris Sui Munificentissimi.
|
| 260 |
|
|
|a Cassoviae
|b Typis Academicis Societatis Jesu
|c Anno M.DCC.L. [=1750]
|
| 300 |
|
|
|a 6 l.
|
| 510 |
4 |
|
|a Bibliografia územne slovacikálnych tlačí 18. storočia
|c 1676
|
| 650 |
0 |
7 |
|a teológia
|2 SNKPH
|9 1814
|
| 650 |
0 |
7 |
|a cirkevné právo
|2 SNKPH
|9 978
|
| 700 |
1 |
|
|a Foglar, Juraj
|4 hnr
|9 578575
|
| 710 |
2 |
|
|a Akademická tlačiareň (Košice, Slovensko)
|4 prt
|9 218171
|
| 752 |
|
|
|a Slovensko
|d Košice
|
| 852 |
|
|
|a snk
|p SD 35770
|
| 958 |
|
|
|a ONDV
|
| 958 |
|
|
|a DD
|
| 999 |
|
|
|c 974331
|d 976261
|
| 952 |
|
|
|t P60, <03>, [BOOK], {603}
|a SNK
|b SNK
|y PREZ
|7 0
|p 17A0107495
|o snkSD 35770
|0 0
|1 0
|4 0
|d 1997-11-10
|l 0
|r 2005-01-02 00:00:00
|w 2026-02-24
|